Contextualizing secession : normative studies in comparative perspective /

On the basis of ten case studies, this book provides a combination of research with fundamental questions about why states stay together, and above all why sometimes they fall apart.

Bibliographic Details
Other Authors: Coppieters, Bruno, Sakwa, Richard
Format: eBook
Language:English
Published: Oxford : Oxford University Press, 2003.
Subjects:
Online Access:Connect to the full text of this electronic book

MARC

Tag First Indicator Second Indicator Subfields
LEADER 00000cam a2200000 a 4500
001 in00005703321
005 20260318174019.2
006 m o d
007 cr cnu---unuuu
008 090210s2003 enk ob 001 0 eng d
040 |a N$T  |b eng  |e pn  |c N$T  |d OCLCQ  |d LGG  |d IDEBK  |d E7B  |d OCLCQ  |d EBLCP  |d UAB  |d OCLCQ  |d OCLCF  |d OCLCQ  |d YDXCP  |d DJB  |d BAKER  |d ZCU  |d YNG  |d MEAUC  |d CNCGM  |d UBY  |d PUL  |d DEBSZ  |d OCLCQ  |d STBDS  |d Z5A  |d FIE  |d OCLCQ  |d STF  |d CEF  |d U3W  |d OCLCQ  |d YOU  |d TKN  |d AU@  |d OL$  |d OCLCQ  |d K6U  |d OCLCO  |d OCLCQ  |d INARC  |d OCLCQ  |d SFB  |d OCLCQ  |d OCLCO  |d WSU  |d OCLCO  |d OCLCL  |d CLOUD  |d OCLCQ  |d OCLCO  |d OCLCQ  |d OCLCL 
015 |a GBA3Y6852  |2 bnb 
016 7 |a 007353026  |2 Uk 
019 |a 77017083  |a 191826253  |a 252542577  |a 319063614  |a 646785153  |a 1058029785  |a 1078185447  |a 1256313412 
020 |a 9780191531736  |q (electronic bk.) 
020 |a 0191531731  |q (electronic bk.) 
020 |z 0199258716 
020 |z 9780199258710 
035 |a (OCoLC)302365668  |z (OCoLC)77017083  |z (OCoLC)191826253  |z (OCoLC)252542577  |z (OCoLC)319063614  |z (OCoLC)646785153  |z (OCoLC)1058029785  |z (OCoLC)1078185447  |z (OCoLC)1256313412 
050 4 |a KZ1269  |b .C66 2003eb 
072 7 |a POL  |x 040000  |2 bisacsh 
072 7 |a POL  |x 030000  |2 bisacsh 
072 7 |a POL  |x 018000  |2 bisacsh 
072 7 |a POL  |x 032000  |2 bisacsh 
082 0 4 |a 320.15  |2 22 
084 |a 89.62  |2 bcl 
049 |a TXAM 
245 0 0 |a Contextualizing secession :  |b normative studies in comparative perspective /  |c edited by Bruno Coppieters and Richard Sakwa. 
260 |a Oxford :  |b Oxford University Press,  |c 2003. 
300 |a 1 online resource (x, 286 pages) 
336 |a text  |b txt  |2 rdacontent 
337 |a computer  |b c  |2 rdamedia 
338 |a online resource  |b cr  |2 rdacarrier 
504 |a Includes bibliographical references and index. 
505 0 |a Introduction / Bruno Coppieters -- A nation confronting a secessionist claim : Italy and the Lega Nord / Michel Huysseune -- Discussing autonomy and independence for Corsica / Gunter Lauwers -- Self-determination in Cyprus : future options within a European order / Nathalie Tocci -- Britain and Ireland : towards a post-nationalist archipelago / Richard Kearney -- the right to self-determination and secession in Yugoslavia : a hornet's nest of inconsistencies / Raymond Detrez -- Special status for Tatarstan : validity of claims and limits on sovereignty / Alexei Zverev -- Chechnya : a just war fought unjustly? / Richard Sakwa -- War and secession: a moral analysis of the Georgian-Abkhaz conflict / Bruno Coppieters -- A case of ambiguity : unravelling dichotomies in Quebec secessionist discourse / Ronald Rudin -- A unified China or an independent Taiwan? A normative assessment of the cross-strait conflict / Xiaokun Song -- Conclusion : just war theory and the ethics of secession / Bruno Coppieters. 
520 8 |a On the basis of ten case studies, this book provides a combination of research with fundamental questions about why states stay together, and above all why sometimes they fall apart. 
588 0 |a Print version record. 
650 0 |a Secession  |v Case studies. 
650 0 |a Self-determination, National  |v Case studies. 
650 0 |a Separatist movements  |v Case studies. 
650 6 |a Sécession  |v Études de cas. 
650 6 |a Droit des peuples à disposer d'eux-mêmes  |v Études de cas. 
650 6 |a Mouvements autonomistes  |v Cas, Études de. 
650 6 |a Mouvements séparatistes  |v Études de cas. 
650 7 |a POLITICAL SCIENCE  |x Government  |x General.  |2 bisacsh 
650 7 |a POLITICAL SCIENCE  |x Government  |x National.  |2 bisacsh 
650 7 |a POLITICAL SCIENCE  |x Reference.  |2 bisacsh 
650 7 |a POLITICAL SCIENCE  |x Essays.  |2 bisacsh 
650 7 |a Secession  |2 fast 
650 7 |a Self-determination, National  |2 fast 
650 7 |a Separatist movements  |2 fast 
650 1 7 |a Afscheidingsbewegingen.  |2 gtt 
650 1 7 |a Separatisme.  |2 gtt 
653 1 |a Secession 
653 1 |a Normative studies 
655 7 |a Electronic books.  |2 local 
655 7 |a Case studies  |2 fast 
655 7 |a Case studies.  |2 lcgft 
655 7 |a Études de cas.  |2 rvmgf 
700 1 |a Coppieters, Bruno.  |1 https://id.oclc.org/worldcat/entity/E39PBJgCFbr3gJrF7tFmd7fKBP 
700 1 |a Sakwa, Richard.  |1 https://id.oclc.org/worldcat/entity/E39PBJqw8BMG8fcmfGmMWBCmh3 
758 |i has work:  |a Contextualizing secession (Text)  |1 https://id.oclc.org/worldcat/entity/E39PCFHDBHwvJ4tjMPyp7MCD9C  |4 https://id.oclc.org/worldcat/ontology/hasWork 
776 0 8 |i Print version:  |t Contextualizing secession.  |d Oxford : Oxford University Press, 2003  |z 0199258716  |z 9780199258710  |w (DLC) 2003536608  |w (OCoLC)51779629 
856 4 0 |u http://proxy.library.tamu.edu/login?url=https://academic.oup.com/book/9950  |z Connect to the full text of this electronic book  |t 0 
955 |a Oxford Scholarship Online 
994 |a 92  |b TXA 
999 f f |i 83a6a0af-1f72-4c54-b4e5-1323548c6e34  |s 64221113-fa51-4c3d-9bcd-24adea027541  |t 0 
952 f f |a Texas A&M University  |b College Station  |c Electronic Resources  |s www_evans  |d Available Online  |t 0  |e KZ1269 .C66 2003eb  |h Library of Congress classification 
998 f f |a KZ1269 .C66 2003eb  |t 0  |l Available Online